000 00491nam a2200193Ia 4500
003 GCL
008 140319s9999 xx 000 0 eng d
040 _aGCL /
_cGCL
082 0 4 _a891.7
_bG M
100 1 _aGORKY, MAXIM
245 1 0 _aMOTHER /
_cGORKY, MAXIM
700 1 _aWETTLIN, MARGARET
260 _a[S.N] :
_bPROGRESS PUBLISHERS ،
_c1966
300 _a334 P
650 0 4 _aFICTION
650 0 4 _aRUSSIA - FICTION
650 0 4 _aRUSSIAN LITERATURE - 20 THCENTURY
942 _2ddc
_cBK
999 _c14876
_d14876